| 000 | 01071nam a2200301 4500 | ||
|---|---|---|---|
| 001 | 0000021101 | ||
| 003 | CO-CtgCURN | ||
| 005 | 20250510150348.0 | ||
| 007 | ta | ||
| 008 | 160627s2005 000 0 eng d | ||
| 020 | _a9586907473 | ||
| 040 |
_aCO-CtgCURN _bspa _ccoctgcurn |
||
| 082 | 0 |
_a342.09 _bH37r |
|
| 100 | 1 | _aHerrera Matiz, Cristobal. | |
| 245 | 1 | 0 |
_aRegimen municipal y departamental / _cCristobal Herrera Matiz. |
| 250 | _a13a ed. | ||
| 260 |
_aBogotá : _bLeyer, _c2005. |
||
| 300 | _a655 p. | ||
| 336 | _2rdacontent | ||
| 337 |
_2rdamedia _asin mediacion _bn |
||
| 338 |
_2rdacarrier _avolumen _bnc |
||
| 500 | _aIncluye indice. | ||
| 505 | 8 | _aDiposiciones generales.--Del regimen departamental.--Del regimen municipal.--Del regimen especial.--Regimen economico y hacienda publica--Regimen municipal--Concejos, concejales y acuerdos municipales | |
| 650 | 1 | 4 |
_aDescentralizacion administrativa _zColombia. |
| 908 | _a160627 | ||
| 942 |
_cBK _h342.09 _iH37r _2ddc _n0 |
||
| 999 |
_c19252 _d19252 |
||